Normal view
MARC view
- FICTION / Mystery & Detective / General.
Entry Topical Term
001 - CONTROL NUMBER
- control field: 22569
003 - CONTROL NUMBER IDENTIFIER
- control field: NUST
005 - DATE AND TIME OF LATEST TRANSACTION
- control field: 20191003105929.0
008 - FIXED-LENGTH DATA ELEMENTS
- fixed length control field: 191003|| aca||aabn | a|a d
040 ## - CATALOGING SOURCE
- Original cataloging agency: NUST
- Transcribing agency: NUST
150 ## - HEADING--TOPICAL TERM
- Topical term or geographic name entry element: FICTION / Mystery & Detective / General.
670 ## - SOURCE DATA FOUND
- Source citation: Work cat.: (NUST)0: Flynn, Gillian, 1971- 22566, Gone girl :, c2012.
